Top 10 Greatest NFL Wide Receivers of All-Time - Statistics

General Stats
  • This quiz has been taken 1,070 times
  • The average score is 5 of 10
Answer Stats
# Answer % Correct
1 Jerry Rice
98%
3 Randy Moss
94%
8 Calvin Johnson
74%
6 Terrell Owens
69%
7 Larry Fitzgerald
54%
5 Steve Largent
47%
9 Marvin Harrison
45%
2 Don Hutson
25%
4 Lance Alworth
14%
10 Raymond Berry
9%
No matching quizzes found
Score Distribution
Percent of People with Each Score
Percentile by Number Answered
Your Score History
You have not taken this quiz